| 000 | 00799cam a2200241 4500 | ||
|---|---|---|---|
| 001 | 179569 | ||
| 003 | ES-MaACL | ||
| 005 | 20240501063057.0 | ||
| 008 | 111222s2010 sp | |||||||| | spa d ..| | ||
| 015 | _aMON1103 | ||
| 020 | _a978-84-8109-890-7 | ||
| 080 | _a821.134.2-32"19" | ||
| 100 | 1 |
_aZúñiga, Juan Eduardo, _d1919-2020 _9118516 |
|
| 245 | 1 | 0 |
_aBrillan monedas oxidadas / _cJuan Eduardo Zúñiga. |
| 260 |
_aBarcelona : _bGalaxia Gutemberg : _bCírculo de Lectores, _cimp. 2010. |
||
| 300 |
_a147 p. ; _c21 cm. |
||
| 490 | 1 |
_aSerie Narrativa ; _v[87] |
|
| 830 | 0 |
_aSerie Narrativa ; _v[87] _9224501 |
|
| 852 |
_aES-MaACL _9186466 _bR.146815 _jA-11802 _dOlim: N-4807 _cDEPO1 |
||
| 942 |
_2udc _cMONOGRAFIA |
||
| 999 |
_c179569 _d179569 |
||